Clay investigations in the southern states 1934-35. (Record no. 27637)
[ view plain ]
| 000 -LEADER | |
|---|---|
| fixed length control field | 01447cam a22003251 4500 |
| 001 - CONTROL NUMBER | |
| control field | gs 40000191 |
| 003 - CONTROL NUMBER IDENTIFIER | |
| control field | DLC |
| 005 - DATE AND TIME OF LATEST TRANSACTION | |
| control field | 20260227111345.0 |
| 008 - FIXED-LENGTH DATA ELEMENTS--GENERAL INFORMATION | |
| fixed length control field | 770803s1940 dcu b 000 0 eng c |
| 010 ## - LIBRARY OF CONGRESS CONTROL NUMBER | |
| LC control number | gs 40000191 |
| 035 ## - SYSTEM CONTROL NUMBER | |
| System control number | (OCoLC)3158735 |
| 040 ## - CATALOGING SOURCE | |
| Original cataloging agency | U. S. Geol. survey, Library |
| Transcribing agency | OC |
| Modifying agency | OCoLC |
| -- | DLC |
| 050 00 - LIBRARY OF CONGRESS CALL NUMBER | |
| Classification number | QE75 |
| Item number | .B9 no. 901 |
| 051 ## - LIBRARY OF CONGRESS COPY, ISSUE, OFFPRINT STATEMENT | |
| Classification number | TN942 |
| Item number | .L35 |
| Copy information | Copy 2. |
| 082 ## - DEWEY DECIMAL CLASSIFICATION NUMBER | |
| Classification number | 557.3 s |
| 100 1# - MAIN ENTRY--PERSONAL NAME | |
| Personal name | Lang, Walter Barnes, |
| Dates associated with a name | 1890- |
| 245 00 - TITLE STATEMENT | |
| Title | Clay investigations in the southern states 1934-35. |
| Statement of responsibility, etc. | Reports by W. B. Lang, P. B. King, M. N. Bramlette, T. N. McVay, H. X. Bay, and A. C. Munyan. With an introduction by G. R. Mansfield. |
| 260 ## - PUBLICATION, DISTRIBUTION, ETC. | |
| Place of publication, distribution, etc. | Washington, |
| Name of publisher, distributor, etc. | U.S. Govt. print. off., |
| Date of publication, distribution, etc. | 1940. |
| 300 ## - PHYSICAL DESCRIPTION | |
| Extent | x, 346 p. incl. illus., plans, tables, diagrs. |
| Other physical details | 8 pl. (incl. 7 fold. maps (1 in pocket)) |
| Dimensions | 23 cm. |
| 490 0# - SERIES STATEMENT | |
| Series statement | U.S. Geological survey. Bulletin |
| Volume/sequential designation | 901 |
| 500 ## - GENERAL NOTE | |
| General note | Projects conducted by the Geological survey under grants from the Federal emergency administration of public works. |
| 504 ## - BIBLIOGRAPHY, ETC. NOTE | |
| Bibliography, etc. note | Bibliographical foot-notes. |
| 650 #0 - SUBJECT ADDED ENTRY--TOPICAL TERM | |
| Topical term or geographic name entry element | Clay |
| Geographic subdivision | Southern States. |
| 700 1# - ADDED ENTRY--PERSONAL NAME | |
| Personal name | King, Philip Burke, |
| Dates associated with a name | 1903- |
| Relator term | joint author. |
| 700 1# - ADDED ENTRY--PERSONAL NAME | |
| Personal name | Bramlette, M. N. |
| Fuller form of name | (Milton Nunn), |
| Dates associated with a name | 1896-1977, |
| Relator term | joint author. |
| 700 1# - ADDED ENTRY--PERSONAL NAME | |
| Personal name | McVay, Thomas Newkirk, |
| Dates associated with a name | 1891- |
| Relator term | joint author. |
| 700 1# - ADDED ENTRY--PERSONAL NAME | |
| Personal name | Bay, Harry X., |
| Dates associated with a name | 1906- |
| Relator term | joint author. |
| 700 1# - ADDED ENTRY--PERSONAL NAME | |
| Personal name | Munyan, Arthur Claude, |
| Dates associated with a name | 1908- |
| Relator term | joint author. |
| 700 1# - ADDED ENTRY--PERSONAL NAME | |
| Personal name | Mansfield, George Rogers, |
| Dates associated with a name | 1875-1947. |
No items available.